[Event "2016 Redpath Mining Millionaire Chess Open"]
[Site "Venue: Old Ed’s Sports Complex, Houghton, Johannesburg"]
[Date "2016.07.15"]
[Round "4"]
[Board "26"]
[White "Claassen, Gabriella"]
[Black "Odendaal, Mikhal Marcus"]
[Result "1-0"]
[WhiteElo "1122"]
[BlackElo "932"]
[PlyCount "0"]
[EventDate "2016.07.13"]
[EventRounds "9"]
[EventCountry "RSA"]

1. d4 Nf6 2. Nf3 d5 3. Bf4 e6 4. e3 c5 5. b3 Be7 6. Bd3 O-O 7. Ne5 Nc6 8. c3 cxd4
9. exd4 Nd7 10. Qh5 Nf6 11. Qh3 Ne4 12. f3 Nf6 13. g4 h6 14. g5 Nxe5 15. Bxe5
hxg5 16. Bxf6 g6 17. Qh8# 1-0

[Event "2016 Redpath Mining Millionaire Chess Open"]
[Site "Venue: Old Ed’s Sports Complex, Houghton, Johannesburg"]
[Date "2016.07.15"]
[Round "5"]
[Board "1"]
[White "Hercules, Benjamin Vincent"]
[Black "Jere, Daniel"]
[Result "0-1"]
[WhiteElo "2127"]
[BlackElo "2368"]
[PlyCount "0"]
[EventDate "2016.07.13"]
[EventRounds "9"]
[EventCountry "RSA"]

1. d4 {[%clk 1:30:38]} Nf6 {[%clk 1:30:21]} 2. c4 {[%clk 1:30:59]} e6
{[%clk 1:30:41]} 3. g3 {[%clk 1:31:06]} c5 {[%clk 1:30:39]} 4. d5
{[%clk 1:30:53]} exd5 {[%clk 1:30:32]} 5. cxd5 {[%clk 1:31:18]} d6
{[%clk 1:30:57]} 6. Nc3 {[%clk 1:31:34]} a6 {[%clk 1:31:16]} 7. a4
{[%clk 1:31:52]} g6 {[%clk 1:31:41]} 8. Bg2 {[%clk 1:32:17]} Bg7 {[%clk 1:32:08]}
9. Nf3 {[%clk 1:32:39]} O-O {[%clk 1:32:33]} 10. O-O {[%clk 1:33:03]} Re8
{[%clk 1:32:22]} 11. Bf4 {[%clk 1:32:31]} Nh5 {[%clk 1:31:51]} 12. Bg5
{[%clk 1:32:35]} Qb6 {[%clk 1:31:46]} 13. Qd2 {[%clk 1:29:04]} Nd7
{[%clk 1:31:14]} 14. g4 {[%clk 1:24:50]} Nhf6 {[%clk 1:30:33]} 15. a5
{[%clk 1:22:51]} Qc7 {[%clk 1:30:17]} 16. h3 {[%clk 1:22:33]} h5 {[%clk 1:26:33]}
17. Qf4 {[%clk 1:19:42]} hxg4 {[%clk 1:25:02]} 18. hxg4 {[%clk 1:20:01]} Rb8
{[%clk 1:11:19]} 19. Bh4 {[%clk 0:57:52]} b5 {[%clk 1:09:19]} 20. Ng5
{[%clk 0:41:01]} Bb7 {[%clk 0:52:41]} 21. Nxf7 {[%clk 0:27:22]} Kxf7
{[%clk 0:35:56]} 22. g5 {[%clk 0:27:35]} Re5 {[%clk 0:35:55]} 23. e4
{[%clk 0:21:03]} Rh8 {[%clk 0:31:10]} 24. Bg3 {[%clk 0:17:55]} b4
{[%clk 0:22:55]} 25. Nd1 {[%clk 0:16:30]} Qd8 {[%clk 0:22:05]} 26. Ne3
{[%clk 0:14:28]} Rxg5 {[%clk 0:20:47]} 27. Qxg5 {[%clk 0:14:57]} Bh6
{[%clk 0:21:00]} 28. Qh4 {[%clk 0:15:22]} Bxe3 {[%clk 0:21:17]} 29. fxe3
{[%clk 0:15:49]} Rxh4 {[%clk 0:21:14]} 30. Bxh4 {[%clk 0:16:17]} Qh8
{[%clk 0:20:40]} 31. Rf4 {[%clk 0:16:32]} Qh5 {[%clk 0:10:04]} 32. Bxf6
{[%clk 0:16:46]} Nxf6 {[%clk 0:10:29]} 33. Raf1 {[%clk 0:17:12]} Qe5
{[%clk 0:10:53]} 34. Rxf6+ {[%clk 0:07:42]} Qxf6 {[%clk 0:11:16]} 35. Rxf6+
{[%clk 0:08:08]} Kxf6 {[%clk 0:11:45]} 36. Kf2 {[%clk 0:08:24]} c4
{[%clk 0:11:06]} 37. Bf1 {[%clk 0:07:22]} c3 {[%clk 0:10:01]} 38. bxc3
{[%clk 0:07:50]} b3 {[%clk 0:10:30]} 39. Kg3 {[%clk 0:04:40]} b2 {[%clk 0:10:43]}
40. Bd3 {[%clk 0:05:08]} g5 {[%clk 0:11:07]} 41. Kg4 {[%clk 0:03:44]} Bc8+
{[%clk 0:11:24]} 42. Kh5 {[%clk 0:04:03]} Bh3 {[%clk 0:11:41]} 43. c4
{[%clk 0:03:15]} Bf1 {[%clk 0:11:55]} 0-1

[Event "2016 Redpath Mining Millionaire Chess Open"]
[Site "Venue: Old Ed’s Sports Complex, Houghton, Johannesburg"]
[Date "2016.07.15"]
[Round "5"]
[Board "2"]
[White "Mwale, Joseph"]
[Black "Makoto, Rodwell"]
[Result "1/2-1/2"]
[WhiteElo "2076"]
[BlackElo "2406"]
[PlyCount "0"]
[EventDate "2016.07.13"]
[EventRounds "9"]
[EventCountry "RSA"]

1. Nf3 d5 2. g3 Nf6 3. Bg2 e6 4. O-O Be7 5. d4 O-O 6. c4 dxc4 7. Qc2 b5 8. a4
{[%clk 1:28:03]} b4 {[%clk 1:11:04]} 9. Ne5 {[%clk 1:23:08]} Qxd4
{[%clk 1:11:21]} 10. Bxa8 {[%clk 1:22:47]} Qxe5 {[%clk 1:11:42]} 11. Bf4
{[%clk 1:18:57]} Qc5 {[%clk 0:57:47]} 12. Be3 {[%clk 1:14:30]} Qh5
{[%clk 0:56:14]} 13. Bf3 {[%clk 1:14:37]} Ng4 {[%clk 0:55:23]} 14. Bxg4
{[%clk 1:15:01]} Qxg4 {[%clk 0:55:44]} 15. f3 {[%clk 1:15:07]} Qh5
{[%clk 0:47:47]} 16. Qxc4 {[%clk 1:14:26]} c5 {[%clk 0:48:04]} 17. Re1
{[%clk 0:59:23]} Ba6 {[%clk 0:44:28]} 18. Qe4 {[%clk 0:55:55]} Nd7
{[%clk 0:33:04]} 19. Nd2 {[%clk 0:46:17]} Rc8 {[%clk 0:26:52]} 20. Rac1
{[%clk 0:40:14]} Nf6 {[%clk 0:25:14]} 21. Qc2 {[%clk 0:39:48]} Nd5
{[%clk 0:24:55]} 22. Bf2 {[%clk 0:39:56]} c4 {[%clk 0:24:24]} 23. b3
{[%clk 0:32:46]} c3 {[%clk 0:24:17]} 24. Nf1 {[%clk 0:32:56]} Bg5
{[%clk 0:20:20]} 25. Rcd1 {[%clk 0:31:52]} Qg6 {[%clk 0:19:15]} 26. e4
{[%clk 0:26:17]} h5 {[%clk 0:16:26]} 27. Kh1 {[%clk 0:22:16]} Bb7
{[%clk 0:15:23]} 28. Bxa7 {[%clk 0:17:02]} h4 {[%clk 0:13:32]} 29. Re2
{[%clk 0:16:14]} Nf6 {[%clk 0:12:58]} 30. Rd4 {[%clk 0:11:27]} hxg3
{[%clk 0:10:29]} 31. Nxg3 {[%clk 0:08:08]} Nh5 {[%clk 0:06:30]} 32. Rxb4
{[%clk 0:06:22]} Ba6 {[%clk 0:06:53]} 33. Rf2 {[%clk 0:02:34]} Bh4
{[%clk 0:05:57]} 34. Rb8 {[%clk 0:02:08]} Bxg3 {[%clk 0:04:15]} 35. Rxc8+
{[%clk 0:02:10]} Bxc8 {[%clk 0:04:35]} 36. hxg3 {[%clk 0:02:38]} Nxg3+
{[%clk 0:04:18]} 37. Kh2 {[%clk 0:02:58]} Ba6 {[%clk 0:01:36]} 38. Rg2
{[%clk 0:02:27]} Nf1+ {[%clk 0:01:29]} 39. Kg1 {[%clk 0:02:41]} Qf6
{[%clk 0:01:19]} 40. b4 Bc4 {[%clk 0:00:41]} 41. b5 {[%clk 0:00:39]} Qxf3
{[%clk 0:00:56]} 42. Bd4 {[%clk 0:00:37]} Ng3 {[%clk 0:00:36]} 43. Qxc3
{[%clk 0:00:35]} Qd1+ {[%clk 0:00:35]} 44. Kh2 {[%clk 0:00:44]} Nf1+
{[%clk 0:00:52]} 45. Kg1 {[%clk 0:00:55]} Nd2+ {[%clk 0:00:51]} 46. Kh2
{[%clk 0:01:13]} Qh5+ {[%clk 0:01:18]} 47. Kg1 {[%clk 0:01:33]} Qd1+
{[%clk 0:01:02]} 48. Kh2 {[%clk 0:02:01]} Nf1+ {[%clk 0:01:04]} 49. Kg1
{[%clk 0:02:20]} Ng3+ {[%clk 0:00:41]} 50. Kh2 {[%clk 0:02:46]} Nf1+
{[%clk 0:00:34]} 51. Kg1 1/2-1/2

[Event "2016 Redpath Mining Millionaire Chess Open"]
[Site "Venue: Old Ed’s Sports Complex, Houghton, Johannesburg"]
[Date "2016.07.15"]
[Round "5"]
[Board "3"]
[White "Oatlhotse, Providence"]
[Black "February, Jesse Nikki"]
[Result "1-0"]
[WhiteElo "2250"]
[BlackElo "1906"]
[PlyCount "0"]
[EventDate "2016.07.13"]
[EventRounds "9"]
[EventCountry "RSA"]

1. Nf3 {[%clk 1:29:07]} Nf6 {[%clk 1:30:11]} 2. c4 {[%clk 1:29:35]} e6
{[%clk 1:30:31]} 3. d4 {[%clk 1:29:48]} d5 {[%clk 1:30:49]} 4. Nc3
{[%clk 1:29:25]} c6 {[%clk 1:31:03]} 5. g3 {[%clk 1:29:18]} Nbd7 {[%clk 1:30:05]}
6. Bg2 {[%clk 1:29:36]} Be7 {[%clk 1:28:54]} 7. O-O {[%clk 1:29:30]} O-O
{[%clk 1:29:12]} 8. b3 {[%clk 1:28:24]} Qa5 {[%clk 1:21:08]} 9. Bd2
{[%clk 1:26:52]} Qa6 {[%clk 1:17:45]} 10. Re1 {[%clk 1:13:32]} dxc4
{[%clk 1:12:48]} 11. bxc4 {[%clk 1:13:04]} Nb6 {[%clk 1:12:49]} 12. c5
{[%clk 1:12:01]} Nc4 {[%clk 1:08:25]} 13. e4 {[%clk 1:09:46]} Nxd2
{[%clk 1:02:26]} 14. Qxd2 {[%clk 1:09:52]} b6 {[%clk 1:02:17]} 15. e5
{[%clk 1:06:59]} Nd5 {[%clk 1:01:25]} 16. Ne4 {[%clk 1:07:05]} bxc5
{[%clk 0:59:49]} 17. dxc5 {[%clk 1:07:10]} Qa3 {[%clk 0:58:48]} 18. Nd4
{[%clk 1:05:08]} Bd7 {[%clk 0:56:01]} 19. Nc2 {[%clk 0:53:26]} Qb2
{[%clk 0:51:23]} 20. Nd6 {[%clk 0:48:02]} Rab8 {[%clk 0:48:55]} 21. Qd3
{[%clk 0:42:33]} Qc3 {[%clk 0:42:48]} 22. Qxc3 {[%clk 0:40:49]} Nxc3
{[%clk 0:43:11]} 23. Nd4 {[%clk 0:41:07]} Nd5 {[%clk 0:31:11]} 24. Rab1
{[%clk 0:40:59]} f6 {[%clk 0:22:49]} 25. Bh3 {[%clk 0:33:20]} f5 {[%clk 0:18:53]}
26. Bg2 {[%clk 0:30:35]} Bxd6 {[%clk 0:16:26]} 27. exd6 {[%clk 0:27:43]} Rxb1
{[%clk 0:04:41]} 28. Rxb1 {[%clk 0:27:19]} e5 {[%clk 0:05:06]} 29. Nf3
{[%clk 0:27:06]} Re8 {[%clk 0:04:42]} 30. Rb7 {[%clk 0:27:16]} Nf6
{[%clk 0:04:55]} 31. Rxa7 {[%clk 0:21:03]} e4 {[%clk 0:05:17]} 32. Nd4
{[%clk 0:21:15]} Re5 {[%clk 0:05:30]} 33. Nb3 {[%clk 0:18:25]} Kf7
{[%clk 0:03:33]} 34. Bf1 {[%clk 0:18:05]} Kg6 {[%clk 0:03:06]} 35. Bc4
{[%clk 0:18:01]} h5 {[%clk 0:02:23]} 36. Kf1 {[%clk 0:14:30]} h4 {[%clk 0:02:43]}
37. a4 {[%clk 0:12:05]} e3 {[%clk 0:02:39]} 38. f3 {[%clk 0:11:31]} Kh5
{[%clk 0:02:15]} 39. a5 {[%clk 0:10:04]} g5 {[%clk 0:01:30]} 40. a6
{[%clk 0:08:44]} e2+ {[%clk 0:01:30]} 41. Bxe2 {[%clk 0:08:28]} Be6
{[%clk 0:01:37]} 42. f4+ {[%clk 0:07:10]} Rxe2 {[%clk 0:02:02]} 43. Kxe2
{[%clk 0:07:36]} Bxb3 {[%clk 0:02:26]} 44. Rh7+ 1-0

[Event "2016 Redpath Mining Millionaire Chess Open"]
[Site "Venue: Old Ed’s Sports Complex, Houghton, Johannesburg"]
[Date "2016.07.15"]
[Round "5"]
[Board "4"]
[White "Simutowe, Musatwe"]
[Black "Salimu, Reuben"]
[Result "1/2-1/2"]
[WhiteElo "2163"]
[BlackElo "1949"]
[PlyCount "0"]
[EventDate "2016.07.13"]
[EventRounds "9"]
[EventCountry "RSA"]

1. e4 {[%clk 1:30:47]} c5 {[%clk 1:31:19]} 2. Nf3 {[%clk 1:31:09]} e6
{[%clk 1:31:43]} 3. d4 {[%clk 1:31:29]} cxd4 {[%clk 1:32:08]} 4. Nxd4
{[%clk 1:31:55]} a6 {[%clk 1:32:30]} 5. Bd3 {[%clk 1:31:38]} Nf6 {[%clk 1:31:14]}
6. O-O {[%clk 1:31:59]} Qc7 {[%clk 1:31:38]} 7. Qe2 {[%clk 1:32:03]} d6
{[%clk 1:30:42]} 8. c4 {[%clk 1:31:37]} Nc6 {[%clk 1:30:36]} 9. Nxc6
{[%clk 1:30:52]} bxc6 {[%clk 1:30:56]} 10. Nc3 {[%clk 1:31:18]} e5
{[%clk 1:31:05]} 11. h3 {[%clk 1:29:15]} Be7 {[%clk 1:29:42]} 12. Be3
{[%clk 1:29:28]} g5 {[%clk 1:13:02]} 13. g4 {[%clk 1:06:05]} h5 {[%clk 1:05:49]}
14. f3 {[%clk 1:05:24]} hxg4 {[%clk 1:04:10]} 15. hxg4 {[%clk 1:05:48]} Bb7
{[%clk 0:53:45]} 16. Kg2 {[%clk 1:05:33]} d5 {[%clk 0:53:54]} 17. cxd5
{[%clk 1:05:39]} cxd5 {[%clk 0:54:17]} 18. Rac1 {[%clk 1:01:43]} Qd6
{[%clk 0:50:29]} 19. Bf2 {[%clk 0:58:05]} d4 {[%clk 0:43:49]} 20. Nb1
{[%clk 0:56:42]} Nd7 {[%clk 0:42:38]} 21. Nd2 {[%clk 0:56:41]} Nb6
{[%clk 0:34:06]} 22. Rh1 {[%clk 0:56:48]} Rxh1 {[%clk 0:32:13]} 23. Rxh1
{[%clk 0:56:28]} Kd7 {[%clk 0:31:54]} 24. Nc4 {[%clk 0:55:07]} Nxc4
{[%clk 0:31:48]} 25. Bxc4 {[%clk 0:55:35]} f6 {[%clk 0:31:42]} 26. Be1
{[%clk 0:52:19]} a5 {[%clk 0:29:40]} 27. Rh7 {[%clk 0:52:18]} Bc6
{[%clk 0:16:29]} 28. Bd2 {[%clk 0:51:02]} Kc7 {[%clk 0:15:08]} 29. Qd3
{[%clk 0:51:02]} Qc5 {[%clk 0:08:41]} 30. a3 {[%clk 0:50:33]} Rb8
{[%clk 0:08:38]} 31. b4 {[%clk 0:47:29]} axb4 {[%clk 0:08:32]} 32. Bxb4
{[%clk 0:47:52]} Rxb4 {[%clk 0:08:53]} 33. axb4 {[%clk 0:48:18]} Qxb4
{[%clk 0:09:19]} 34. Rh1 {[%clk 0:48:16]} Qb2+ {[%clk 0:06:54]} 35. Qe2
{[%clk 0:46:22]} Qxe2+ {[%clk 0:06:17]} 36. Bxe2 {[%clk 0:46:50]} Kd7
{[%clk 0:04:17]} 37. Bc4 {[%clk 0:45:54]} Ba4 {[%clk 0:04:15]} 38. Kf2
{[%clk 0:45:52]} Bc6 {[%clk 0:04:24]} 39. Ke2 {[%clk 0:45:27]} Ba4
{[%clk 0:04:44]} 40. Ra1 {[%clk 0:45:44]} Bc6 {[%clk 0:05:10]} 41. Ra7+
{[%clk 0:45:50]} Kd6 {[%clk 0:04:20]} 42. Kd3 {[%clk 0:46:10]} Bd8
{[%clk 0:04:27]} 43. Kc2 {[%clk 0:46:05]} Be7 {[%clk 0:04:00]} 44. Bd3
{[%clk 0:46:18]} Bd8 {[%clk 0:03:35]} 45. Kb3 {[%clk 0:46:13]} Be7
{[%clk 0:03:29]} 46. Kb4 {[%clk 0:46:15]} Ke6+ {[%clk 0:03:15]} 47. Kc4
{[%clk 0:45:54]} Kd6 {[%clk 0:03:22]} 48. Bc2 {[%clk 0:45:54]} Bd8
{[%clk 0:02:43]} 49. Ba4 {[%clk 0:44:34]} Bxa4 {[%clk 0:02:21]} 50. Rxa4
{[%clk 0:44:56]} Be7 {[%clk 0:02:22]} 51. Ra6+ {[%clk 0:45:05]} Kd7
{[%clk 0:02:49]} 52. Rb6 {[%clk 0:43:59]} Bd8 {[%clk 0:02:11]} 53. Rb7+
{[%clk 0:44:04]} Ke6 {[%clk 0:02:28]} 54. Rb5 {[%clk 0:42:26]} Bc7
{[%clk 0:02:39]} 55. Rd5 {[%clk 0:42:37]} Bd6 {[%clk 0:02:42]} 56. Kb5
{[%clk 0:42:59]} Ba3 {[%clk 0:02:50]} 57. Kc6 {[%clk 0:43:17]} Bc1
{[%clk 0:02:42]} 58. Kc7 {[%clk 0:43:24]} Bf4 {[%clk 0:01:57]} 59. Kd8
{[%clk 0:43:16]} Be3 {[%clk 0:01:58]} 60. Kc7 {[%clk 0:43:32]} Bf4
{[%clk 0:02:14]} 61. Rd6+ {[%clk 0:43:51]} Ke7 {[%clk 0:02:39]} 62. Kc6
{[%clk 0:42:40]} Be3 {[%clk 0:03:06]} 63. Rd7+ {[%clk 0:40:08]} Ke6
{[%clk 0:03:31]} 64. Rd8 {[%clk 0:40:32]} Ke7 {[%clk 0:03:50]} 65. Rd5
{[%clk 0:40:42]} Ke6 {[%clk 0:04:08]} 66. Kb5 {[%clk 0:41:07]} Bf4
{[%clk 0:04:13]} 67. Kc4 {[%clk 0:41:32]} Be3 {[%clk 0:04:30]} 68. Ra5
{[%clk 0:41:53]} Bf4 {[%clk 0:04:46]} 69. Ra6+ {[%clk 0:42:03]} Ke7
{[%clk 0:05:03]} 70. Rb6 {[%clk 0:39:18]} Be3 {[%clk 0:05:04]} 71. Rb3
{[%clk 0:39:06]} Ke6 {[%clk 0:05:05]} 72. Ra3 {[%clk 0:38:29]} Bf4
{[%clk 0:05:16]} 73. Kc5 {[%clk 0:38:48]} Be3 {[%clk 0:05:36]} 74. Ra6+
{[%clk 0:38:15]} Ke7 {[%clk 0:05:57]} 75. Kc4 {[%clk 0:35:36]} Bf4
{[%clk 0:06:10]} 76. Rb6 {[%clk 0:30:29]} Be3 {[%clk 0:06:29]} 77. Kd3
{[%clk 0:30:41]} Bf4 {[%clk 0:06:49]} 78. Kc4 {[%clk 0:30:32]} Be

[Event "2016 Redpath Mining Millionaire Chess Open"]
[Site "Venue: Old Ed’s Sports Complex, Houghton, Johannesburg"]
[Date "2016.07.15"]
[Round "5"]
[Board "5"]
[White "Mbedza, Richard"]
[Black "De Abreu, Roberto N"]
[Result "0-1"]
[WhiteElo "1947"]
[BlackElo "2057"]
[PlyCount "0"]
[EventDate "2016.07.13"]
[EventRounds "9"]
[EventCountry "RSA"]

1. e4 {[%clk 1:30:52]} e6 {[%clk 1:30:40]} 2. d3 {[%clk 1:30:50]} d5
{[%clk 1:31:06]} 3. Nd2 {[%clk 1:31:10]} Nc6 {[%clk 1:31:31]} 4. Ngf3
{[%clk 1:30:35]} Nf6 {[%clk 1:31:52]} 5. g3 {[%clk 1:30:28]} dxe4
{[%clk 1:32:10]} 6. dxe4 {[%clk 1:30:25]} Bc5 {[%clk 1:32:32]} 7. Bh3
{[%clk 1:26:50]} e5 {[%clk 1:25:40]} 8. Bxc8 {[%clk 1:25:50]} Qxc8
{[%clk 1:26:06]} 9. h3 {[%clk 1:25:48]} Qe6 {[%clk 1:17:39]} 10. c3
{[%clk 1:23:34]} Rd8 {[%clk 1:08:37]} 11. Qc2 {[%clk 1:23:08]} a5
{[%clk 1:03:39]} 12. Nb3 {[%clk 1:17:12]} Ba7 {[%clk 1:03:08]} 13. Qe2
{[%clk 1:13:14]} a4 {[%clk 0:54:21]} 14. Nbd2 {[%clk 1:13:03]} Nd7
{[%clk 0:54:17]} 15. Kf1 {[%clk 1:08:28]} Nc5 {[%clk 0:50:32]} 16. Kg2
{[%clk 1:07:42]} Nd3 {[%clk 0:47:20]} 17. Rf1 {[%clk 1:07:24]} h5
{[%clk 0:39:42]} 18. Nh4 {[%clk 1:06:07]} Ne7 {[%clk 0:33:42]} 19. Kh2
{[%clk 1:03:51]} g5 {[%clk 0:27:21]} 20. Ng2 {[%clk 1:02:10]} Ng6
{[%clk 0:23:58]} 21. Nf3 {[%clk 1:01:11]} g4 {[%clk 0:20:12]} 22. Nfh4
{[%clk 0:59:43]} gxh3 {[%clk 0:18:27]} 23. Nf5 {[%clk 1:00:10]} hxg2
{[%clk 0:07:18]} 24. Ng7+ {[%clk 1:00:36]} Kd7 {[%clk 0:07:41]} 25. Rd1
{[%clk 0:57:59]} Qg4 {[%clk 0:05:41]} 26. Rxd3+ {[%clk 0:57:08]} Kc8
{[%clk 0:03:48]} 27. Rxd8+ {[%clk 0:56:31]} Rxd8 {[%clk 0:04:17]} 28. Qxg4+ hxg4
29. Bg5 f6 30. Bh6 {[%clk 0:48:00]} Rd3 {[%clk 0:03:28]} 31. Kxg2
{[%clk 0:41:15]} Rf3 {[%clk 0:03:57]} 32. Rf1 {[%clk 0:40:36]} Ne7
{[%clk 0:04:25]} 33. a3 {[%clk 0:40:12]} Bb6 {[%clk 0:04:20]} 34. Bc1
{[%clk 0:35:33]} Ba7 {[%clk 0:04:35]} 35. Ne6 {[%clk 0:35:10]} Kd7
{[%clk 0:05:03]} 36. Ng7 {[%clk 0:35:31]} Kc8 {[%clk 0:05:33]} 37. Bd2
{[%clk 0:35:04]} Kd7 {[%clk 0:05:07]} 38. Nh5 {[%clk 0:29:29]} Ke6
{[%clk 0:05:21]} 39. Be3 {[%clk 0:28:49]} Bxe3 {[%clk 0:05:30]} 40. fxe3
{[%clk 0:29:17]} Rxf1 {[%clk 0:05:50]} 41. Kxf1 {[%clk 0:29:03]} Kf7
{[%clk 0:06:20]} 42. Ke2 {[%clk 0:29:24]} Kg6 {[%clk 0:06:49]} 43. Nf4+
{[%clk 0:29:52]} exf4 {[%clk 0:07:09]} 44. exf4 {[%clk 0:26:42]} f5
{[%clk 0:07:38]} 45. e5 {[%clk 0:27:02]} Kf7 {[%clk 0:08:06]} 46. Kd3
{[%clk 0:25:44]} Ke6 {[%clk 0:08:36]} 47. Kd4 {[%clk 0:25:59]} Nc6+
{[%clk 0:08:27]} 48. Ke3 {[%clk 0:24:12]} Kd5 {[%clk 0:08:46]} 49. Kd3
{[%clk 0:23:14]} Na5 {[%clk 0:09:15]} 50. Kc2 {[%clk 0:22:40]} Nc4
{[%clk 0:09:27]} 51. b4 {[%clk 0:21:29]} axb3+ {[%clk 0:09:39]} 52. Kxb3
{[%clk 0:21:55]} Nxe5 {[%clk 0:09:06]} 53. fxe5 {[%clk 0:22:18]} f4
{[%clk 0:09:31]} 0-1

[Event "2016 Redpath Mining Millionaire Chess Open"]
[Site "Venue: Old Ed’s Sports Complex, Houghton, Johannesburg"]
[Date "2016.07.15"]
[Round "5"]
[Board "6"]
[White "Wilken, Justin Barend"]
[Black "Longano, Michael Nicholas"]
[Result "1-0"]
[WhiteElo "1854"]
[BlackElo "2042"]
[PlyCount "0"]
[EventDate "2016.07.13"]
[EventRounds "9"]
[EventCountry "RSA"]

1. d4 {[%clk 1:30:56]} g6 {[%clk 1:07:35]} 2. Nf3 {[%clk 1:31:06]} Bg7
{[%clk 1:07:39]} 3. g3 {[%clk 1:29:36]} d6 {[%clk 1:05:55]} 4. Bg2
{[%clk 1:29:49]} Nd7 {[%clk 1:06:22]} 5. Nc3 {[%clk 1:23:54]} e5 {[%clk 1:05:37]}
6. e4 {[%clk 1:24:11]} Ne7 {[%clk 1:04:35]} 7. Be3 {[%clk 1:17:27]} O-O
{[%clk 1:01:25]} 8. Qd2 {[%clk 1:16:15]} exd4 {[%clk 0:56:06]} 9. Bxd4
{[%clk 1:14:50]} Nf6 {[%clk 0:52:58]} 10. h3 {[%clk 1:08:12]} Nc6
{[%clk 0:48:30]} 11. Be3 {[%clk 1:03:57]} Re8 {[%clk 0:48:33]} 12. Nh4
{[%clk 1:00:31]} Na5 {[%clk 0:41:19]} 13. b3 {[%clk 0:53:37]} Bd7
{[%clk 0:33:39]} 14. O-O {[%clk 0:51:11]} Nc6 {[%clk 0:30:55]} 15. Rae1
{[%clk 0:49:38]} a5 {[%clk 0:29:42]} 16. Kh2 {[%clk 0:46:44]} Ne7
{[%clk 0:25:42]} 17. f4 {[%clk 0:38:54]} Bc6 {[%clk 0:25:19]} 18. Bf3
{[%clk 0:35:07]} d5 {[%clk 0:24:06]} 19. e5 {[%clk 0:33:34]} Ne4 {[%clk 0:24:22]}
20. Qd4 {[%clk 0:30:22]} h6 {[%clk 0:18:45]} 21. Rd1 {[%clk 0:28:25]} g5
{[%clk 0:14:13]} 22. fxg5 {[%clk 0:25:49]} hxg5 {[%clk 0:14:39]} 23. Bxe4
{[%clk 0:25:20]} gxh4 {[%clk 0:10:16]} 24. Bd3 {[%clk 0:24:31]} hxg3+
{[%clk 0:10:36]} 25. Kg1 {[%clk 0:22:22]} Ng6 {[%clk 0:08:27]} 26. Rxf7
{[%clk 0:19:24]} Kxf7 {[%clk 0:05:17]} 27. Rf1+ {[%clk 0:19:20]} Kg8
{[%clk 0:05:33]} 28. Bxg6 {[%clk 0:19:14]} Rxe5 {[%clk 0:05:50]} 29. Bf7+
{[%clk 0:14:46]} Kh8 {[%clk 0:04:44]} 30. Rf4 {[%clk 0:14:13]} Re4
{[%clk 0:04:14]} 31. Qd1 {[%clk 0:13:51]} Re5 {[%clk 0:03:18]} 32. Qg4
{[%clk 0:09:26]} Be8 {[%clk 0:00:45]} 33. Bd4 {[%clk 0:08:39]} Re1+
{[%clk 0:00:32]} 34. Kg2 {[%clk 0:09:07]} Bxd4 {[%clk 0:00:55]} 35. Qg8# 1-0

[Event "2016 Redpath Mining Millionaire Chess Open"]
[Site "Venue: Old Ed’s Sports Complex, Houghton, Johannesburg"]
[Date "2016.07.15"]
[Round "5"]
[Board "7"]
[White "Van Rensburg, Ryan Pierre"]
[Black "Thabethe, Nhlanhla"]
[Result "1-0"]
[WhiteElo "2220"]
[BlackElo "1802"]
[PlyCount "0"]
[EventDate "2016.07.13"]
[EventRounds "9"]
[EventCountry "RSA"]

1. d4 {[%clk 1:30:41]} Nf6 {[%clk 1:29:52]} 2. c4 {[%clk 1:31:09]} e6
{[%clk 1:29:52]} 3. Nc3 {[%clk 1:31:33]} c5 {[%clk 1:29:34]} 4. d5
{[%clk 1:32:02]} exd5 {[%clk 1:28:56]} 5. cxd5 {[%clk 1:32:30]} d6
{[%clk 1:28:45]} 6. Nf3 {[%clk 1:32:59]} g6 {[%clk 1:28:40]} 7. Nd2
{[%clk 1:33:13]} Bg7 {[%clk 1:28:10]} 8. Nc4 {[%clk 1:33:40]} O-O
{[%clk 1:21:22]} 9. Bf4 {[%clk 1:33:25]} Ne8 {[%clk 1:18:25]} 10. Qd2
{[%clk 1:33:40]} f5 {[%clk 1:12:03]} 11. Nb5 {[%clk 1:33:39]} Rf6
{[%clk 1:12:12]} 12. Bg5 {[%clk 1:33:21]} a6 {[%clk 1:12:22]} 13. Bxf6
{[%clk 1:32:34]} Qxf6 {[%clk 1:11:54]} 14. Nc3 {[%clk 1:31:55]} b5
{[%clk 1:11:30]} 15. Nb6 {[%clk 1:32:14]} Nd7 {[%clk 1:09:36]} 16. Nxa8
{[%clk 1:32:23]} Bb7 {[%clk 1:09:23]} 17. e3 {[%clk 1:13:13]} Bxa8
{[%clk 1:06:09]} 18. Be2 {[%clk 1:12:24]} Nb6 {[%clk 1:06:16]} 19. O-O
{[%clk 1:12:45]} Nc7 {[%clk 1:05:46]} 20. Rfc1 {[%clk 1:11:23]} b4
{[%clk 1:04:42]} 21. Nd1 {[%clk 1:11:51]} Bxd5 {[%clk 1:03:55]} 22. a3
{[%clk 1:11:46]} Qg5 {[%clk 0:52:00]} 23. g3 {[%clk 1:11:51]} a5 {[%clk 0:43:35]}
24. axb4 {[%clk 1:12:14]} axb4 {[%clk 0:43:26]} 25. Ra7 {[%clk 1:12:34]} Qd8
{[%clk 0:43:01]} 26. e4 {[%clk 1:03:27]} fxe4 {[%clk 0:35:34]} 27. Ne3
{[%clk 1:03:45]} Bh6 {[%clk 0:35:48]} 28. Rd1 {[%clk 0:53:07]} Ne6
{[%clk 0:32:50]} 29. Qc2 {[%clk 0:48:20]} b3 {[%clk 0:27:53]} 30. Qc3
{[%clk 0:48:02]} Nd4 {[%clk 0:21:59]} 31. Rxd4 {[%clk 0:48:24]} cxd4
{[%clk 0:22:19]} 32. Qxd4 {[%clk 0:48:47]} Bf7 {[%clk 0:22:38]} 33. Rb7
{[%clk 0:48:14]} Bxe3 {[%clk 0:22:25]} 34. fxe3 {[%clk 0:48:27]} Nd7
{[%clk 0:17:18]} 35. Qxd6 {[%clk 0:46:29]} Qa5 {[%clk 0:17:15]} 36. Qxd7
{[%clk 0:46:30]} Qe1+ {[%clk 0:17:08]} 37. Bf1 {[%clk 0:46:59]} Qxe3+
{[%clk 0:17:32]} 38. Kh1 {[%clk 0:47:28]} Qf3+ {[%clk 0:17:50]} 39. Bg2
{[%clk 0:47:56]} Qf2 {[%clk 0:16:21]} 40. Qxf7+ 1-0